00441 2200193 4500001002100000005001500021035002000036245003700056100001900093250000600112300002600118856001200144260003100156082000800187084001400195600001000209990001400219990001400233INLIS00000000000159020250421021532 a0010-04250000061 aRara Jonggrang /cKrisna Miharja0 aKrisna Miharja a1 a117 :bIlust ;c21 cm aRak 800 aJakarta :bAdi Cita,c1999 a813 a813 KRI r 4aFiksi a04.201043 a04.201042